000 00289nam a22001337a 4500
008 180110b xxu||||| |||| 00| 0 eng d
020 _a158683021x
041 _aeng
080 _a371
100 _a46
101 _aEDU
245 _aInformation Literacy
_cErcegovac, Z
942 _2udc
_cBK
999 _c40049
_d40049